000 00504cam a22001697a 4500
008 180718b2011 xxu||||| |||| 00| 0 eng d
020 _a9788131603857
082 _aBA27x54 Se47
100 _aSekine, Yasumasa
245 _aPollution, untouchability and harijans: a South Indian ethnography
_cby Yasumasa Sekine
260 _aJaipur
_bRawat
_c2011
300 _a390p.
650 _aHarijans
650 _aPollution
650 _aDalits -India
650 _aScheduled castes and scheduled tribes -India
999 _c442504
_d442504